000 00753nam a22001697a 4500
999 _c11916
_d11916
008 210609b ||||| |||| 00| 0 eng d
020 _a9782832228227
082 _a623.893
_bIEC
100 _aInternational Electrotechnical Commission
245 _aInternational standard : maritime navigation and radiocommunication equipment and systems--Electronic chart display and information system (ECDIS)--operational and performance requirements, methods of testing and required test results
260 _aGeneva, Switzerland
_bInternational Electrotechnical Commission
_c2015
300 _a225p.
650 _aElectronics in navigation--Standards
650 _aDigital mapping--Standards
650 _aTelecommunication systems--Standards
942 _cBK